Visualizzazione normale
Vista MARC
- DOCUMENTARIO
di Topical Term
Records bibliografici associati: 32
001 - CONTROL NUMBER
- control field: 36889
003 - CONTROL NUMBER IDENTIFIER
- control field: IT-RoPau
005 - DATE AND TIME OF LATEST TRANSACTION
- control field: 20151125153253.0
008 - FIXED-LENGTH DATA ELEMENTS
- fixed length control field: 151125|| aca||aabn | a|a d
040 ## - CATALOGING SOURCE
- Original cataloging agency: IT-RoPau
- Transcribing agency: IT-RoPau
150 ## - HEADING--TOPICAL TERM
- Topical term or geographic name entry element: DOCUMENTARIO
- : STUDI SUL CINEMA [VHS]
- General subdivision: Codice MATERIA SPICS: 9959
670 ## - SOURCE DATA FOUND
- Source citation: Work cat.: (IT-RoPau)104647: Kelly Frank Codice regista SPICS: 9862 36887, MARILYN, UNA LEGGENDA SENZA TEMPO MARILYN, UNA LEGGENDA SENZA TEMPO (Rif. Codice opera principale : B9680)